| 000 | 00444 a2200157 4500 | ||
|---|---|---|---|
| 005 | 20250626114829.0 | ||
| 020 | _a0-07-248854-9 | ||
| 082 | _a654.049 HOD. | ||
| 100 | _aHODGETTS, M. R. | ||
| 245 | _aInternational Management, Culture, Strategy, And Behavior | ||
| 250 | _a5th Ed. | ||
| 260 |
_aNew York, _bMc Graw Hill Irwin, _c2003. |
||
| 300 |
_axxviii.; 618.; Ill.; picture, _bReference, _c28cm. |
||
| 700 | _aLUTHANS, F. | ||
| 942 |
_2ddc _cBKS |
||
| 999 |
_c5302 _d5302 |
||